<?xml version="1.0" encoding="UTF-8"?>
<record
    xmlns:xsi="http://www.w3.org/2001/XMLSchema-instance"
    xsi:schemaLocation="http://www.loc.gov/MARC21/slim http://www.loc.gov/standards/marcxml/schema/MARC21slim.xsd"
    xmlns="http://www.loc.gov/MARC21/slim">

  <leader>01418nam a2200361 a 4500</leader>
  <datafield tag="999" ind1=" " ind2=" ">
    <subfield code="c">357889</subfield>
    <subfield code="d">357889</subfield>
  </datafield>
  <controlfield tag="001">000000376089</controlfield>
  <controlfield tag="003">IT-MiSPE</controlfield>
  <controlfield tag="005">20180514165943.0</controlfield>
  <controlfield tag="008">091028s2009    it            000 0 ita d</controlfield>
  <datafield tag="020" ind1=" " ind2=" ">
    <subfield code="a">9788845262883</subfield>
    <subfield code="c">26.50 EUR</subfield>
  </datafield>
  <datafield tag="040" ind1=" " ind2=" ">
    <subfield code="a">IT-MiSPE</subfield>
    <subfield code="b">ita</subfield>
    <subfield code="c">IT-MiSPE</subfield>
  </datafield>
  <datafield tag="041" ind1="1" ind2=" ">
    <subfield code="a">ita</subfield>
    <subfield code="h">grc</subfield>
  </datafield>
  <datafield tag="082" ind1=" " ind2=" ">
    <subfield code="a">270.008-DIO ar tu (23167)</subfield>
  </datafield>
  <datafield tag="084" ind1=" " ind2=" ">
    <subfield code="a">32 X</subfield>
  </datafield>
  <datafield tag="100" ind1="0" ind2=" ">
    <subfield code="a">Dionysius Areopagita,</subfield>
    <subfield code="c">s.,</subfield>
    <subfield code="d">sec. V/VI.</subfield>
    <subfield code="9">57220</subfield>
  </datafield>
  <datafield tag="240" ind1="1" ind2="0">
    <subfield code="a">Opera omnia</subfield>
  </datafield>
  <datafield tag="245" ind1="1" ind2="0">
    <subfield code="a">Dionigi Areopagita: tutte le opere /</subfield>
    <subfield code="c">introduzione di Giovanni Reale ; traduzione di Piero Scazzoso ; revisione di Ilaria Ramelli ; saggio introduttivo, prefazioni, parafrasi, note e indici di Enzo Bellini ; saggio integrativo di Carlo Maria Mazzucchi.</subfield>
  </datafield>
  <datafield tag="260" ind1=" " ind2=" ">
    <subfield code="a">Milano :</subfield>
    <subfield code="b">Bompiani,</subfield>
    <subfield code="c">&#xA9;2009.</subfield>
  </datafield>
  <datafield tag="300" ind1=" " ind2=" ">
    <subfield code="a">823 p. ;</subfield>
    <subfield code="c">22 cm</subfield>
  </datafield>
  <datafield tag="490" ind1="1" ind2=" ">
    <subfield code="a">Il pensiero occidentale</subfield>
  </datafield>
  <datafield tag="504" ind1=" " ind2=" ">
    <subfield code="a">Bibliografia (p. [795]-815) e indici</subfield>
  </datafield>
  <datafield tag="546" ind1=" " ind2=" ">
    <subfield code="a">Traduzione italiana con testo greco a fronte</subfield>
  </datafield>
  <datafield tag="655" ind1=" " ind2="7">
    <subfield code="a">Patrologia greca</subfield>
    <subfield code="x">Dionysius Areopagita, s., sec. V-VI.</subfield>
    <subfield code="2">local</subfield>
    <subfield code="9">57221</subfield>
  </datafield>
  <datafield tag="700" ind1="1" ind2=" ">
    <subfield code="a">Scazzoso, Piero,</subfield>
    <subfield code="e">tr.</subfield>
    <subfield code="9">57222</subfield>
  </datafield>
  <datafield tag="700" ind1="1" ind2=" ">
    <subfield code="a">Bellini, Enzo.</subfield>
    <subfield code="9">57223</subfield>
  </datafield>
  <datafield tag="700" ind1="1" ind2=" ">
    <subfield code="a">Mazzucchi, Carlo Maria.</subfield>
    <subfield code="9">57224</subfield>
  </datafield>
  <datafield tag="700" ind1="1" ind2=" ">
    <subfield code="a">Ramelli, Ilaria,</subfield>
    <subfield code="d">1973-,</subfield>
    <subfield code="e">ed.</subfield>
    <subfield code="9">57199</subfield>
  </datafield>
  <datafield tag="700" ind1="1" ind2=" ">
    <subfield code="a">Reale, Giovanni,</subfield>
    <subfield code="d">1931-2014,</subfield>
    <subfield code="e">pr.</subfield>
    <subfield code="9">57115</subfield>
  </datafield>
  <datafield tag="830" ind1=" " ind2="3">
    <subfield code="a">Il pensiero occidentale.</subfield>
    <subfield code="9">57173</subfield>
  </datafield>
  <datafield tag="942" ind1=" " ind2=" ">
    <subfield code="2">ddc</subfield>
    <subfield code="c">BK</subfield>
  </datafield>
  <datafield tag="952" ind1=" " ind2=" ">
    <subfield code="0">0</subfield>
    <subfield code="1">0</subfield>
    <subfield code="2">ddc</subfield>
    <subfield code="4">0</subfield>
    <subfield code="6">270_000000000000000_008DIO_AR_TU_23167</subfield>
    <subfield code="7">1</subfield>
    <subfield code="a">CINISELLO</subfield>
    <subfield code="b">CINISELLO</subfield>
    <subfield code="d">2018-05-14</subfield>
    <subfield code="l">0</subfield>
    <subfield code="o">270.008-DIO ar tu (23167)</subfield>
    <subfield code="p">9788845262883</subfield>
    <subfield code="r">2018-05-14 00:00:00</subfield>
    <subfield code="w">2018-05-14</subfield>
    <subfield code="y">BK</subfield>
  </datafield>
</record>
